Myslieť ekologicky a stavať s rozumom

Enregistré dans:
Détails bibliographiques
Auteur principal: Jakubec, Miroslav
Format: Chapitre de livre
Langue:slovaque
Tags: Ajouter un tag
Pas de tags, Soyez le premier à ajouter un tag!

MARC

LEADER 00000nla a2200000 4500
001 0176941
005 20240502073021.6
041 0 |a slo 
044 |a SK 
245 1 0 |a Myslieť ekologicky a stavať s rozumom  |c Miroslav Jakubec 
500 |a Abstrakt 
100 1 |a Jakubec, Miroslav